=LDR 00000nam 2200000 4500 =001 INLIS000000000028968 =005 20130612131234 =008 ***********************************Ind** =035 ##$$0010-061300000028968 =041 ##$$a Ind =082 ##$$a 620.112 23 =090 ##$$a 620.112 23, Tre k =100 ##$$a Trehewey, Kenneth R =245 ##$$a Korosi untuk mahasiswa saind dan rekayasa, Kenneth R. Trethewy =260 ##$$a 1991 $b Jakarta =300 ##$$a 381 hlm, ilus, 30 cm =650 ##$$a Sains =850 ##$$a NBPNMAT